| 000 | 00580nam a2200193 i 4500 | ||
|---|---|---|---|
| 001 | bgj | ||
| 100 | 1 | _aFRIES, Charles C. | |
| 245 | 1 | 0 |
_aTeaching & Learning English as a Foreign Language / _cCharles C. Fries. |
| 250 | _a[Renewed ed.]. | ||
| 260 |
_aAnn Arbor : _bThe University of Michigan, _cc. 1973. |
||
| 300 |
_a[3], 153 pp ; _c28 cm. |
||
| 650 | 9 |
_aEnglish language _xStudy and teaching _xForeign speakers |
|
| 020 | _a0472083473 (pbk) | ||
| 040 | _cBPK | ||
| 041 | _aeng | ||
| 920 | _a0-472-08347-3 (pbk) | ||
| 942 | _cKS | ||
| 008 | s uk f |000 0 eng | ||
| 999 |
_c41261 _d41261 |
||
| 856 |
_uhttp://koha.tu.koszalin.pl/cgi-bin/koha/opac-detail.pl?biblionumber=41261 _yKatalog online BPK |
||